000 00331nam a2200145Ia 4500
005 20250603144835.0
008 250603s9999 xx 000 0 und d
245 0 _aElection mandate protection : source guide
260 _aAbuja
260 _bGlobal Rights
260 _c2006
300 _a25 p
650 _aAbuja
942 _cBK
999 _c40107
_d40107